00410nam a22001217a 4500003000400000082001800004100001800022245015900040260004400199300000700243650001900250653001900269SGT a617.632bC23G aGoyal, Madhur aComparative evaluation of stability and Bone Mineral Density at Bone Implant interface with and without 1% Metformin Gel-A Clinical and Radiographic study aGurugram, HaryanabSGT Universityc2023 a80 aPeriodontology aPeriodontology